000 00722nam a2200181 a 4500
008 071001s1997 ||||||||||||||||| || u
020 _a0313301700
050 _aK 639 Mow
100 _aMower, A. Glenn
245 1 4 _aThe convention on the rights of the child: international support for children
_cA. Glenn Mower
260 _aWestport
_bGreenwood Press
_c1997
300 _a185p.
350 _a0.00
650 _aCHILDREN (INTERNATIONAL LAW)
650 _aCHILDREN--LEGAL STATUS, LAWS, ETC
650 _aCONVENTION ON THE RIGHTS OF THE CHILD (1997)
995 _D0.00
_FCBU-MAIN LIBRARY (Kitwe)
_H1
_I0.00
_M1
_UAVAILABLE
_WOct 1, 2007
_ZAnnex Low-Usage Collection
999 _c38740
_d38740